De la autoestima a la estima del yo profundo: de la psicología a la espiritualidad

Na minha lista:
Detalhes bibliográficos
Autor principal: Monbourquette, Jean (autor)
Formato: Livro
Idioma:espanhol
Publicado em: Santander Sal Terrae 2004
Colecção:Colección Proyecto, 81
Assuntos:
Tags: Adicionar Tag
Sem tags, seja o primeiro a adicionar uma tag!

MARC

LEADER 00000nam a2200000 a 4500
001 UCK4405
003 CL-VaPUC
008 050603e20040000SP |||||||||||||||||spa|d
020 |a 8429315330 
082 0 4 |a 158.1  |b MON  |2 21 
100 |a Monbourquette, Jean  |e autor  |9 492928 
245 1 0 |a De la autoestima a la estima del yo profundo: de la psicología a la espiritualidad 
300 |a 214 p 
942 |c BK 
945 |d 20050603 00:00:00  |a jcarroza 
260 |a Santander  |b Sal Terrae  |c 2004 
650 0 |a Autoestima  |9 308492 
650 0 |a Autorrealización   |9 309565 
650 7 |a SI MISMO  |2 CL-VaPUC  |9 310447 
650 0 |a Cristianismo  |9 257361 
583 |a last modification  |c 20050603 00:00:00  |k Rodrigo Vera 
490 0 |a Colección Proyecto, 81 
999 |c 313283  |d 313281 
952 |0 0  |1 0  |4 0  |6 158_100000000000000_MON_2004  |7 0  |8 A  |9 384538  |a BIBTEO  |b BIBTEO  |d 2019-11-22  |i 4116909  |l 1  |o 158.1 MON 2004  |p 4116909  |r 2025-01-17  |s 2023-07-18  |w 2019-11-22  |y BK  |k ICR